=LDR 00000nam 2200000 4500 =001 NUTBA000000000005471 =005 20141030144738.0 =006 =007 =008 =020 ##$$a 978-979-26-7179-7 =035 ##$$0010-101400000000701 =040 ##$$a NBPDMAT =082 ##$$a 580 =090 ##$$a 580 $b Tim r =100 ##$$a Tim Armandelta Selaras =245 ##$$a Rasasiakan Ensiklopedika. Inilah dunia tumbuhan dan hewan! / $c Tim Armendelta Selaras ; editor, Eko Praptanto, --- (S.L) =260 ##$$a Armandelta $c 2008 =300 ##$$a 195 hlm. : $b ilus $c 24 cm =650 ##$$a Tanaman =700 ##$$a Vinda Swasthipadma =850 ##$$a NBPDMAT =990 ##$$a 0001/BPAP-NTB/2015